000
00346nam a2200133Ia 4500
005
20251222155124.0
008
251222s9999||||xx |||||||||||||| ||spa||
082
_a
ETI. 11/V.II
100
_a
REDRADO J (*).
245
0
_a
Humanización en Salud (2 Vol.)
250
_a
1ra. ed.
264
_b
Centro Camiliano
942
_c
LIB
999
_c
38553
_d
38553